| 000 | 00733nam a22001697a 4500 | ||
|---|---|---|---|
| 999 |
_c60754 _d60754 |
||
| 005 | 20231019095310.0 | ||
| 008 | 231019s1984 ru ||||| |||| 00| 0 rus d | ||
| 041 | _arus | ||
| 080 | _a069(084.12) M-89 | ||
| 245 |
_aМузей исторических драгоценностей Украины : _bФотоальбом / _cАвтор текста и состав. О. Д. Ганина и др. |
||
| 264 |
_aКиев: _bМистецтво, _c1984. |
||
| 300 |
_a124 стр.: _bил.; _c17 см. |
||
| 521 | _aსათაური ფრანგ. და გერ. ენებზე | ||
| 653 | _aმუზეუმები | ||
| 700 |
_aГанина, О. Д. _eტექსტის ავტორი _920118 |
||
| 942 |
_2udc _cBK |
||